000 00560nam a2200205Ia 4500
005 20250923145801.0
008 008 250917s9999 xx 000 0 eng d
037 _aTextual
040 _aDSWL
_beng
_cDSWL
041 _aeng
_2eng
084 _aYx,ZQ;4, N87
_qDSWL
100 _aBenson, J.F.
_9838878
245 0 _aWorking more creatively with Groups
_cby J.F.Benson
260 _aLondon
_bTavistock
_c1987
300 _ax,265p.
365 _aINR
_b11.95
925 _g11.95
942 _cTEXL
_hYx,ZQ;4, N87
999 _c1455658
_d1455658